Datum a čas kvízu
40
Celkem bodů
Celkový počet nahraných bodů na tomto kvízu bez doplňovacích otázek.
1.
Pořadí na kvízu
Konečné umístění týmu na tomto kvízu.
Zaznamenané odpovědi
| # | Otázka | Odpověď | Body | Výsledky |
|---|---|---|---|---|
| 1. | Ti, kteří se pořádně zaměřili... | Bureši, čaú | 1 | |
| 2. | Tlaková níže a s ní spojené si... | Axel | 1 | |
| 3. | Režisér Quentin Tarantino, jeh... | Aby nezveřejňovali obsah filmu. | 0 | |
| 4. | Český podnikatel a miliardář r... | Karel Janeček | 1 | |
| 5. | V pondělí nás opustil Niki Lau... | Laudamotion, Niki | 0.5 | |
| 6. | Jakou barvu má pruh, který je... | černou | 1 | |
| 7. | Kolik vodorovných pruhů tvoří... | čtyři | 0.5 | |
| 8. | Na bolívijské vlajce je modrý... | D | 1 | |
| 9. | Jakou barvu má prostřední pruh... | zelenou | 1 | |
| 10. | Který z pruhů na vlajce Maďars... | A | 0 |